00752 a2200169 45000010006000000050017000060080041000230030015000640400040000790800073001192450055001920200018002472640043002653000019003085050237003271000018005642195120260407155509.0260407a1989 arg spa dAR-UNSa-BCEJYS aAR-UNSa-BCEJYSbspacAR-UNSa-BCEJYS a657.3xPresupuestos. Cierre de Cuentas. Balances (Estados Contables)10aInterpretación y análisis de estados contables a950-537-148-9 1aBuenos Aires :bEdiciones Macchic1989 a144 p.c28 cm. a1. Valores - 2. Estados contables - 3. Los cambios en la posición financieras de las empresas - 4. Tipos de análisis con estados contables - 5. Caso Base - 6. Presentación de informes sobre el análisis de estados contables. 1 aBiondi, Mario